[Event "CZE-chT2A 0809"]
[Site "Czech Republic"]
[Date "2008.11.09"]
[Round "2.6"]
[White "Fikr, Lukas"]
[Black "Gdovin, Jan"]
[Result "1/2-1/2"]
[WhiteElo "2037"]
[BlackElo "2124"]
[PlyCount "70"]
[EventDate "2008.10.12"]
[EventType "team-tourn"]
[EventRounds "11"]
[EventCountry "CZE"]
[SourceTitle "EXT 2010"]
[Source "ChessBase"]
[SourceDate "2010.11.25"]
[SourceVersion "1"]
[SourceVersionDate "2010.11.25"]
[SourceQuality "1"]
[WhiteTeam "Praha Dukla"]
[BlackTeam "Pisek Platan"]
[WhiteTeamCountry "CZE"]
[BlackTeamCountry "CZE"]

1. Nf3 Nf6 2. g3 e6 3. Bg2 c5 4. 0-0 Nc6 5. d4 d5 6. c4 Be7 7. Nc3 0-0 8. Bf4 dxc4 9. dxc5 Bxc5 10. Nb5 Nd5 11. Qc2 Nxf4 12. gxf4 Qe7 13. Ng5 g6 14. Qxc4 e5 15. Rac1 Bb6 16. e3 h6 17. Nf3 Be6 18. Qa4 exf4 19. Qxf4 Kg7 20. a3 g5 21. Qe4 f5 22. Qa4 Rad8 23. Rfd1 f4 24. Nfd4 fxe3 25. fxe3 Bg4 26. Re1 Ne5 27. Qb3 a6 28. Nc3 Rxd4 29. exd4 Bxd4+ 30. Kh1 Qd7 31. Nd5 Nc6 32. Rxc6 Qxc6 33. Qd3 Bf6 34. Nxf6 Qxf6 35. Rf1 Qe5 1/2-1/2

[Event "Ricany op-A"]
[Site "Ricany"]
[Date "2008.08.30"]
[Round "9"]
[White "Vitous, Milan"]
[Black "Fikr, Lukas"]
[Result "0-1"]
[WhiteElo "1910"]
[BlackElo "2037"]
[PlyCount "82"]
[EventDate "2008.08.23"]
[EventType "swiss"]
[EventRounds "9"]
[EventCountry "CZE"]
[SourceTitle "CBM 126 Extra"]
[Source "ChessBase"]
[SourceDate "2008.11.05"]
[SourceVersion "1"]
[SourceVersionDate "2008.11.05"]
[SourceQuality "1"]

1. Nf3 Nf6 2. d4 g6 3. c4 Bg7 4. Nc3 0-0 5. g3 d6 6. Bg2 Nbd7 7. 0-0 e5 8. e4 c6 9. d5 c5 10. Ne1 Ne8 11. Nd3 a6 12. a4 b6 13. Bd2 Rb8 14. Qc1 f5 15. Bh6 Ndf6 16. Bxg7 Nxg7 17. f4 fxe4 18. Nxe4 Nxe4 19. Bxe4 exf4 20. Rxf4 Nf5 21. Bxf5 Bxf5 22. Qd2 Rb7 23. Re1 Re7 24. Rff1 Rfe8 25. Rxe7 Rxe7 26. Nf2 Qe8 27. Qf4 Qd7 28. Qd2 Re5 29. b3 Qe7 30. g4 Re2 31. Qf4 Bc2 32. Nh3 Re1 33. Ng5 Rxf1+ 34. Kxf1 Qf8 35. Qxf8+ Kxf8 36. Nxh7+ Ke7 37. Ke2 Bxb3 38. Kd3 Bxa4 39. Ng5 Bd7 40. h3 Kf6 41. Nf3 b5 0-1

[Event "Ricany op-A"]
[Site "Ricany"]
[Date "2008.08.26"]
[Round "5"]
[White "Fikr, Lukas"]
[Black "Halla, Jiri"]
[Result "0-1"]
[WhiteElo "2037"]
[BlackElo "1834"]
[PlyCount "132"]
[EventDate "2008.08.23"]
[EventType "swiss"]
[EventRounds "9"]
[EventCountry "CZE"]
[SourceTitle "CBM 126 Extra"]
[Source "ChessBase"]
[SourceDate "2008.11.05"]
[SourceVersion "1"]
[SourceVersionDate "2008.11.05"]
[SourceQuality "1"]

1. d4 Nf6 2. c4 g6 3. Nc3 Bg7 4. e4 d6 5. f3 0-0 6. Be3 e5 7. Nge2 Nh5 8. Qd2 f5 9. 0-0-0 Qe7 10. Bg5 Qf7 11. d5 f4 12. Bh4 a5 13. Bf2 Na6 14. Kb1 Bd7 15. Nc1 b6 16. Bd3 Rfb8 17. Bc2 Nc5 18. Bxc5 bxc5 19. Ba4 Bxa4 20. Nxa4 Rb4 21. Qc2 Qd7 22. a3 Rbb8 23. Ne2 Rf8 24. Nec3 Nf6 25. Nb5 Qc8 26. Rd3 Rf7 27. Rhd1 Bf8 28. Rb3 g5 29. h3 h5 30. Nbc3 Rb8 31. Ka2 Rd7 32. Rxb8 Qxb8 33. Qb3 Rd8 34. Qxb8 Rxb8 35. Nb5 Ne8 36. Na7 Ra8 37. Nc6 Kf7 38. Kb3 Nf6 39. Nc3 Ke8 40. Ka4 Kd7 41. Nxa5 Be7 42. b4 cxb4 43. axb4 Rg8 44. Nb5 g4 45. hxg4 hxg4 46. Nc6 Bd8 47. Nba7 Rh8 48. Kb5 Rh2 49. c5 Rxg2 50. Rh1 gxf3 51. Rh8 Rg8 52. Rh2 Rg2 53. Rh8 Rg8 54. Rh2 Nxe4 55. Rh7+ Ke8 56. Nc8 f2 57. Rh1 Nd2 58. cxd6 f1Q+ 59. Rxf1 Nxf1 60. Nxe5 cxd6 61. Nxd6+ Kf8 62. Kc6 Rg2 63. b5 Ne3 64. b6 Bxb6 65. Nd7+ Ke7 66. Nxb6 Rc2+ 0-1

[Event "Prague-ch 3rd phase"]
[Site "Prague"]
[Date "2008.05.15"]
[Round "5"]
[White "Jancarik, Joel"]
[Black "Fikr, Lukas"]
[Result "1/2-1/2"]
[WhiteElo "2004"]
[BlackElo "2071"]
[PlyCount "58"]
[EventDate "2008.04.10"]
[EventType "swiss"]
[EventRounds "9"]
[EventCountry "CZE"]
[SourceTitle "EXT 2010"]
[Source "ChessBase"]
[SourceDate "2010.11.25"]
[SourceVersion "1"]
[SourceVersionDate "2010.11.25"]
[SourceQuality "1"]

1. e4 c5 2. Nc3 d6 3. f4 Nc6 4. Nf3 g6 5. Bb5 Bd7 6. 0-0 Bg7 7. a4 Nd4 8. Bxd7+ Qxd7 9. Kh1 e6 10. d3 Ne7 11. Ne2 Nec6 12. c3 Nxe2 13. Qxe2 0-0 14. Be3 f5 15. e5 dxe5 16. Bxc5 Rfd8 17. Rad1 exf4 18. d4 b6 19. Ba3 Re8 20. b3 Bf6 21. Bc1 g5 22. h4 h6 23. Ng1 g4 24. Qf2 Qe7 25. Qxf4 Bxh4 26. Qxh6 Rad8 27. Ne2 Qh7 28. Qxh7+ Kxh7 29. g3 Bf6 1/2-1/2

[Event "Prague-ch 3rd phase"]
[Site "Prague"]
[Date "2008.04.17"]
[Round "2"]
[White "Fikr, Lukas"]
[Black "Prochazka, Jiri"]
[Result "1/2-1/2"]
[WhiteElo "2071"]
[BlackElo "2058"]
[PlyCount "93"]
[EventDate "2008.04.10"]
[EventType "swiss"]
[EventRounds "9"]
[EventCountry "CZE"]
[SourceTitle "EXT 2010"]
[Source "ChessBase"]
[SourceDate "2010.11.25"]
[SourceVersion "1"]
[SourceVersionDate "2010.11.25"]
[SourceQuality "1"]

1. d4 d5 2. Nf3 c6 3. g3 e6 4. Bg2 f5 5. Nbd2 Bd6 6. b3 Nd7 7. Bb2 Qf6 8. c4 Ne7 9. 0-0 0-0 10. Qc2 g5 11. Qc3 Ng6 12. e3 g4 13. Ne1 Qg7 14. Nd3 Nf6 15. Ne5 Ne4 16. Nxe4 Bxe5 17. Nc5 Bd6 18. Nd3 Bd7 19. b4 a6 20. a4 h5 21. Qb3 Kh7 22. Rfc1 h4 23. b5 Rfb8 24. Qc3 Qh6 25. Ne5 Bc8 26. Ba3 Qf8 27. Nd3 axb5 28. Bxd6 Qxd6 29. c5 Qe7 30. axb5 cxb5 31. Ra5 Bd7 32. Rca1 Qd8 33. Ra7 Rxa7 34. Rxa7 Kg8 35. Qa1 Ne7 36. Ra2 Nc6 37. f3 Qg5 38. Qe1 h3 39. Bf1 Re8 40. f4 Qf6 41. Qa1 Qf8 42. Qb2 Ra8 43. Kf2 Rxa2 44. Qxa2 Qb8 45. Ne5 Nxe5 46. fxe5 b6 47. Qa3 1/2-1/2

[Event "Prague op-B"]
[Site "Prague"]
[Date "2006.07.02"]
[Round "1"]
[White "Fikr, Lukas"]
[Black "Filipec, Pavel"]
[Result "1-0"]
[WhiteElo "1250"]
[BlackElo "1555"]
[PlyCount "109"]
[EventDate "2006.07.02"]
[EventType "swiss"]
[EventRounds "7"]
[EventCountry "CZE"]
[SourceTitle "EXT 2007"]
[Source "ChessBase"]
[SourceDate "2006.11.23"]
[SourceVersion "1"]
[SourceVersionDate "2006.11.23"]
[SourceQuality "1"]

1. Nf3 d5 2. d4 Nf6 3. g3 Bg4 4. Bg2 Nc6 5. 0-0 e6 6. b3 Bb4 7. c3 Be7 8. Bb2 b5 9. c4 a6 10. Nbd2 0-0 11. Ne5 Nxe5 12. dxe5 Ne8 13. h3 Bh5 14. g4 Bg6 15. cxd5 exd5 16. f4 Bc5+ 17. Kh1 f5 18. exf6 Nxf6 19. f5 Bf7 20. e4 c6 21. e5 Ne4 22. Nxe4 dxe4 23. e6 Be8 24. Bxe4 Qh4 25. Qf3 Rd8 26. Rad1 Rd6 27. Rxd6 Bxd6 28. Kg2 h5 29. Rd1 Be7 30. Qg3 hxg4 31. hxg4 Qxg3+ 32. Kxg3 c5 33. Rc1 b4 34. Rc2 Bb5 35. Bc1 Rc8 36. a4 bxa3 37. Bxa3 a5 38. Bd5 Kf8 39. Rh2 Bd6+ 40. Kg2 Bxh2 41. Kxh2 Ke7 42. Kg3 Kd6 43. Be4 a4 44. bxa4 Bxa4 45. Kf4 Be8 46. g5 Ke7 47. Ke5 Rc7 48. f6+ gxf6+ 49. gxf6+ Kf8 50. Kd6 Ra7 51. Bxc5 Ra5 52. Bd5 Bg6 53. e7+ Ke8 54. f7+ Bxf7 55. Bc6# 1-0

[Event "CZE-chT2V 0203"]
[Site "Czech Republic"]
[Date "2003.??.??"]
[Round "7"]
[White "Fikr, Lukas"]
[Black "Korsa, Jindrich"]
[Result "0-1"]
[WhiteElo "1864"]
[BlackElo "1996"]
[PlyCount "122"]
[EventDate "2002.10.??"]
[EventType "team"]
[EventRounds "11"]
[EventCountry "CZE"]
[SourceTitle "EXT 2007"]
[Source "ChessBase"]
[SourceDate "2006.11.23"]
[SourceVersion "1"]
[SourceVersionDate "2006.11.23"]
[SourceQuality "1"]
[WhiteTeam "Horice"]
[BlackTeam "Bohemians II"]
[WhiteTeamCountry "CZE"]
[BlackTeamCountry "CZE"]

1. c4 Nf6 2. Nc3 g6 3. g3 Bg7 4. Bg2 0-0 5. Nf3 d6 6. 0-0 e5 7. d3 c6 8. Rb1 Nh5 9. b4 f5 10. Bg5 Qc7 11. Bd2 Nd7 12. Ng5 Ndf6 13. b5 Bd7 14. bxc6 bxc6 15. Qb3 Rab8 16. Qc2 h6 17. Nf3 f4 18. Rxb8 Rxb8 19. Rb1 Kf7 20. Rb3 g5 21. Qb1 Rxb3 22. Qxb3 Bf8 23. Bc1 Ng7 24. Nd2 Ne6 25. e3 Nc5 26. Qb1 Qa5 27. Qc2 fxe3 28. fxe3 Bf5 29. Bf1 Qb6 30. Nb3 d5 31. cxd5 cxd5 32. Kh1 Qc6 33. Kg1 Na4 34. Bb2 Nxb2 35. Qxb2 Qb6 36. Qf2 Ke6 37. h3 h5 38. Be2 Bb4 39. g4 hxg4 40. hxg4 Nxg4 41. Bxg4 Bxg4 42. Nxd5 Kxd5 43. Qg2+ Kd6 44. Qxg4 Qxe3+ 45. Kg2 Be1 46. Qf5 Qf4 47. Qg6+ Kc7 48. Qh7+ Kb6 49. Qg6+ Kb5 50. Qe8+ Kb4 51. Qb8+ Kc3 52. Qxa7 Kb2 53. Qc5 g4 54. Na5 Qd2+ 55. Kf1 Qxa5 56. Qc4 Qd2 57. Qc5 Bg3 58. a4 Qxd3+ 59. Kg2 Bf4 60. a5 Qf3+ 61. Kg1 Be3+ 0-1

[Event "CZE-chT2V 0203"]
[Site "Czech Republic"]
[Date "2002.??.??"]
[Round "5"]
[White "Petuchov, Sergej"]
[Black "Fikr, Lukas"]
[Result "1-0"]
[WhiteElo "2270"]
[BlackElo "1864"]
[PlyCount "51"]
[EventDate "2002.10.??"]
[EventType "team"]
[EventRounds "11"]
[EventCountry "CZE"]
[SourceTitle "EXT 2007"]
[Source "ChessBase"]
[SourceDate "2006.11.23"]
[SourceVersion "1"]
[SourceVersionDate "2006.11.23"]
[SourceQuality "1"]
[WhiteTeam "AVE Kontakt"]
[BlackTeam "Horice"]
[WhiteTeamCountry "CZE"]
[BlackTeamCountry "CZE"]

1. e4 c5 2. Nf3 d6 3. Bb5+ Nc6 4. 0-0 Bd7 5. c3 a6 6. Ba4 b5 7. Bc2 Bg4 8. h3 Bxf3 9. Qxf3 g6 10. Re1 Bg7 11. a4 b4 12. a5 e6 13. Ba4 Nge7 14. e5 Rc8 15. d4 cxd4 16. Bg5 Qc7 17. cxd4 Nd5 18. Rc1 Qb7 19. exd6 0-0 20. Nd2 Bxd4 21. Nc4 f6 22. Bh6 Rf7 23. Qe4 Be5 24. Nb6 Nxb6 25. Bxc6 Rxc6 26. Qxc6 1-0

[Event "Schneider Bohemia op-C"]
[Site "Plzen"]
[Date "2001.??.??"]
[Round "6.5"]
[White "Fikr, Lukas"]
[Black "Rerabek, Jaroslav"]
[Result "1-0"]
[WhiteElo "1814"]
[BlackElo "1698"]
[PlyCount "113"]
[EventDate "2001.08.??"]
[EventType "swiss"]
[EventRounds "9"]
[EventCountry "CZE"]
[SourceTitle "EXT 2002"]
[Source "ChessBase"]
[SourceDate "2001.11.25"]
[SourceVersion "1"]
[SourceVersionDate "2001.11.25"]
[SourceQuality "1"]

1. c4 Nf6 2. Nc3 g6 3. g3 Bg7 4. Bg2 0-0 5. Nf3 d6 6. 0-0 Nc6 7. Rb1 Bf5 8. d3 Qd7 9. Re1 Bh3 10. Bh1 Ng4 11. Ng5 Nge5 12. Nxh3 Qxh3 13. Bg2 Qf5 14. Nd5 Qd7 15. b4 a6 16. a4 b5 17. axb5 axb5 18. cxb5 Nd4 19. b6 Nb5 20. bxc7 Ra6 21. Bg5 f6 22. Qb3 e6 23. Bxf6 exd5 24. Qxd5+ Kh8 25. Bxg7+ Kxg7 26. Rec1 Nxc7 27. Qb7 Rf7 28. Rxc7 Qxc7 29. Qxa6 Qc2 30. Re1 Qd2 31. Qa1 Kf8 32. h3 Qxb4 33. Rb1 Qd2 34. Rb2 Qh6 35. Rb8+ Ke7 36. Rb7+ Nd7 37. Bc6 Ke6 38. Qa2+ Kf6 39. Qb2+ Ne5 40. Rxf7+ Kxf7 41. Bd5+ Ke7 42. Qb7+ Nd7 43. Bc6 Qxh3 44. Bxd7 Qxd7 45. Qxd7+ Kxd7 46. Kg2 Ke6 47. Kf3 Ke5 48. Kg4 h6 49. f4+ Kd4 50. e4 Kxd3 51. f5 h5+ 52. Kg5 gxf5 53. exf5 d5 54. f6 d4 55. f7 Kc2 56. f8Q d3 57. Kxh5 1-0

[Event "Schneider Bohemia op-C"]
[Site "Plzen"]
[Date "2001.??.??"]
[Round "7.4"]
[White "Zvolanek, J."]
[Black "Fikr, Lukas"]
[Result "1/2-1/2"]
[WhiteElo "1762"]
[BlackElo "1814"]
[PlyCount "66"]
[EventDate "2001.08.??"]
[EventType "swiss"]
[EventRounds "9"]
[EventCountry "CZE"]
[SourceTitle "EXT 2002"]
[Source "ChessBase"]
[SourceDate "2001.11.25"]
[SourceVersion "1"]
[SourceVersionDate "2001.11.25"]
[SourceQuality "1"]

1. e4 c5 2. c3 g6 3. d4 cxd4 4. cxd4 d5 5. e5 Nc6 6. Nc3 h5 7. Be3 Nh6 8. Qb3 e6 9. Bb5 Bd7 10. Nf3 Nf5 11. Bxc6 Bxc6 12. Bg5 Be7 13. h4 Bxg5 14. hxg5 Qb6 15. Qxb6 axb6 16. Kd2 Kd7 17. a3 Ba4 18. Na2 Bb3 19. Nb4 Rhc8 20. Rac1 Rc4 21. Rxc4 dxc4 22. Kc3 b5 23. Nd2 Ba4 24. Ne4 Rd8 25. Nc5+ Kc7 26. Nxa4 bxa4 27. Rd1 b5 28. d5 Nh4 29. d6+ Kd7 30. Rg1 Rc8 31. f4 Rc5 32. Na6 Rd5 33. Nb4 Rc5 1/2-1/2

[Event "CZE-chTV 0001"]
[Site "Czech Republic"]
[Date "2000.??.??"]
[Round "8"]
[White "Pirklova, Hana"]
[Black "Fikr, Lukas"]
[Result "1-0"]
[WhiteElo "2020"]
[BlackElo "1795"]
[PlyCount "123"]
[EventDate "2000.??.??"]
[EventType "team"]
[EventRounds "11"]
[EventCountry "CZE"]
[SourceTitle "EXT 2002"]
[Source "ChessBase"]
[SourceDate "2001.11.25"]
[SourceVersion "1"]
[SourceVersionDate "2001.11.25"]
[SourceQuality "1"]

1. e4 c5 2. Nf3 d6 3. d4 cxd4 4. Nxd4 Nf6 5. Nc3 a6 6. Be2 e6 7. a4 Nc6 8. Be3 Be7 9. 0-0 Qc7 10. Nb3 b6 11. f4 0-0 12. Bf3 Bb7 13. g4 Rfe8 14. Bg2 Rad8 15. g5 Nd7 16. Qe2 Nc5 17. Rad1 Nb4 18. Qf2 g6 19. Kh1 Bf8 20. Bf3 Bc6 21. Rg1 Qb7 22. Nxc5 bxc5 23. Rg3 d5 24. Bxc5 Bxc5 25. Qxc5 dxe4 26. Bg2 Nxc2 27. Qf2 Nb4 28. Qe3 Nd5 29. Qc1 Nxc3 30. Rxc3 Bxa4 31. Re1 Rd4 32. Rc7 Qb3 33. Rc3 Qb4 34. Qe3 Red8 35. h3 Rd1 36. Rxd1 Rxd1+ 37. Kh2 Qxb2 38. Rc8+ Kg7 39. Qxe4 Rd2 40. Qa8 Rxg2+ 41. Qxg2 Qxg2+ 42. Kxg2 h6 43. h4 hxg5 44. hxg5 Bb3 45. Rc7 a5 46. Ra7 a4 47. Kf3 Kf8 48. Ke4 Kg7 49. Ke5 Bc2 50. Kd6 Bb3 51. Ke7 Bc2 52. Ke8 Bb3 53. Rxf7+ Kg8 54. Ra7 Bc2 55. Ke7 Bf5 56. Rxa4 Kg7 57. Ra7 Bg4 58. Kd6+ Kf8 59. Ke5 Bf5 60. Kf6 Kg8 61. Rg7+ Kf8 62. Rxg6 1-0

[Event "CZE-ch U18"]
[Site "Czech Republic"]
[Date "1998.??.??"]
[Round "?"]
[White "Dvorak, Jan"]
[Black "Fikr, Lukas"]
[Result "1-0"]
[WhiteElo "2030"]
[BlackElo "1790"]
[PlyCount "77"]
[EventDate "1998.01.??"]
[EventType "swiss"]
[EventRounds "9"]
[EventCountry "CZE"]
[SourceTitle "EXT 2000"]
[Source "ChessBase"]
[SourceDate "1999.11.16"]
[SourceVersion "1"]
[SourceVersionDate "1999.11.16"]
[SourceQuality "1"]

1. d4 Nf6 2. Bg5 g6 3. Bxf6 exf6 4. Nf3 Bg7 5. g3 0-0 6. Bg2 d6 7. 0-0 Nc6 8. c4 Bf5 9. Nc3 Qd7 10. Qb3 Rab8 11. Rfd1 Rfe8 12. e3 Bg4 13. Rd2 g5 14. Rc1 Bh6 15. c5 Bxf3 16. Bxf3 g4 17. Bg2 Rxe3 18. Rdd1 Rd3 19. Rxd3 Bxc1 20. Ne4 Kg7 21. cxd6 cxd6 22. Rd1 Bh6 23. Qd5 Rd8 24. Nc3 Qe6 25. Qb5 Qd7 26. Be4 Bg5 27. Bf5 a6 28. Bxd7 axb5 29. Bxg4 b4 30. Nb5 f5 31. Bxf5 Bf6 32. d5 Ne7 33. Be4 Bxb2 34. Rb1 Bc3 35. Nxc3 bxc3 36. Rxb7 Nxd5 37. Bxd5 Rc8 38. Bxf7 Kh6 39. Rb1 1-0

[Event "CZE-ch U18"]
[Site "Czech Republic"]
[Date "1998.??.??"]
[Round "?"]
[White "Pribyl, Josef"]
[Black "Fikr, Lukas"]
[Result "1/2-1/2"]
[WhiteElo "1650"]
[BlackElo "1790"]
[PlyCount "76"]
[EventDate "1998.01.??"]
[EventType "swiss"]
[EventRounds "9"]
[EventCountry "CZE"]
[SourceTitle "EXT 2000"]
[Source "ChessBase"]
[SourceDate "1999.11.16"]
[SourceVersion "1"]
[SourceVersionDate "1999.11.16"]
[SourceQuality "1"]

1. e4 c5 2. Nf3 Nc6 3. d4 cxd4 4. Nxd4 e6 5. Nc3 Qc7 6. Be2 a6 7. 0-0 Nf6 8. a3 b5 9. Nxc6 dxc6 10. f4 Bc5+ 11. Kh1 0-0 12. Bd3 Rd8 13. Qf3 Bf8 14. Qh3 g6 15. Qh4 Nh5 16. e5 c5 17. Ne4 Bb7 18. Ng5 Be7 19. Qe1 c4 20. Be2 Ng7 21. Bg4 Nf5 22. Bxf5 gxf5 23. Qh4 Bxg5 24. Qxg5+ Kh8 25. Qf6+ Kg8 26. Be3 Rd7 27. Rad1 Rad8 28. Rxd7 Rxd7 29. h4 Qd8 30. Qh6 Qf8 31. Qxf8+ Kxf8 32. Bc5+ Kg7 33. Bd6 f6 34. Rd1 Bd5 35. Kh2 fxe5 36. Bxe5+ Kg6 37. Rd2 a5 38. Bc3 a4 1/2-1/2